Normal view
MARC view
- Myers ,Raymond .H , Myers ,Sharon .L ,Ye , Keying .E
Entry Corporate Name
001 - CONTROL NUMBER
- control field: 123484
003 - CONTROL NUMBER IDENTIFIER
- control field: NUST
005 - DATE AND TIME OF LATEST TRANSACTION
- control field: 20240611132907.0
008 - FIXED-LENGTH DATA ELEMENTS
- fixed length control field: 240611|| aca||aabn | a|a d
040 ## - CATALOGING SOURCE
- Original cataloging agency: NUST
- Transcribing agency: NUST
110 ## - HEADING--CORPORATE NAME
- Corporate name or jurisdiction name as entry element: Myers ,Raymond .H , Myers ,Sharon .L ,Ye , Keying .E
670 ## - SOURCE DATA FOUND
- Source citation: Work cat.: (NUST): Walpole ,Ronald E, Probability and Statistics for Engineers and Scientists, 2014.
